000 00805cam a2200277 4500500
005 20260329002832.0
041 _afre
042 _adc
100 1 0 _aWilliams, Patrick
_eauthor
245 0 0 _aJudith Butler: « Être Juif, c’est refuser la fermeture identitaire »
260 _c2013.
500 _a14
690 _aCohabitation
690 _aDiaspora
690 _aEdward Said
690 _aExil
690 _aHannah Arendt
690 _aIsraël
690 _aJudith Butler
690 _aPalestine
690 _aPatrick Williams
690 _aPost-national
690 _aSionisme
786 0 _nPhilosophie magazine | 75 | 12 | 2013-12-01 | p. 4-4 | 1951-1787
856 4 1 _uhttps://shs.cairn.info/magazine-philosophie-magazine-2013-12-page-4?lang=fr&redirect-ssocas=7080
999 _c1818867
_d1818867